000 00840nam a2200217Ii 4500
003 JO-AjNU
008 230605s9999||||xx |||||||||||||| ||und||
020 _a977-245-129-8
040 _aJO-AjNU
_bara
_erda
_cJO-AjNU
041 _aara
050 1 4 _aNA215.K3522 2000
100 3 _aسامح,كمال الدين تأليف,
_eauthor
_914523
245 0 0 _aلمحات في تاريخ العمارة المصرية :منذ أقدم العصور حتى العصر الحديث
250 _aط1
264 3 1 _aالقاهرة:دار نهضة الشرق للطباعة والنشر والتوزيع,2000
300 _a88ص
_bرسومات توضيحية
336 _atext
_btxt
_2rdacontent
337 _aunmediated
_bn
_2rdamedia
338 _avolume
_bnc
_2rdacarrier
650 4 _aتاريخ-العمارة المصرية-العمارة
_914524
999 _aA3893
_c7461
_d7461